<?xml version="1.0" encoding="UTF-8"?>
<record
    xmlns:xsi="http://www.w3.org/2001/XMLSchema-instance"
    xsi:schemaLocation="http://www.loc.gov/MARC21/slim http://www.loc.gov/standards/marcxml/schema/MARC21slim.xsd"
    xmlns="http://www.loc.gov/MARC21/slim">

  <leader>00681naa a2200205 a 4500</leader>
  <controlfield tag="001">85797</controlfield>
  <controlfield tag="003">BD-RjUL</controlfield>
  <controlfield tag="005">20251007094428.0</controlfield>
  <controlfield tag="008">251007s1964    pk ||||| |||| 00| 0 ur  d</controlfield>
  <datafield tag="035" ind1=" " ind2=" ">
    <subfield code="a">(BD-RjUL)85797</subfield>
  </datafield>
  <datafield tag="040" ind1=" " ind2=" ">
    <subfield code="a">BD-RjUL</subfield>
    <subfield code="b">eng</subfield>
    <subfield code="c">BD-RjUL</subfield>
  </datafield>
  <datafield tag="041" ind1=" " ind2=" ">
    <subfield code="a">urd</subfield>
  </datafield>
  <datafield tag="082" ind1=" " ind2=" ">
    <subfield code="2">23</subfield>
    <subfield code="a">891.43909</subfield>
    <subfield code="b">GIU 1964</subfield>
  </datafield>
  <datafield tag="100" ind1=" " ind2=" ">
    <subfield code="a">Gil, Sard&#x101;r Mas&#x12B;&#x1E25;</subfield>
    <subfield code="9">17087</subfield>
  </datafield>
  <datafield tag="245" ind1=" " ind2=" ">
    <subfield code="a">&#x627;&#x631;&#x62F;&#x648; &#x62A;&#x646;&#x642;&#x6CC;&#x62F; &#x646;&#x6AF;&#x627;&#x631;&#x649; : &#x645;&#x62C;&#x645;&#x648;&#x639;&#x6C1; / Urd&#x16B; tanq&#x12B;d nig&#x101;r&#x12B; : majm&#x16B;&#x2BB;ah /</subfield>
    <subfield code="c">&#x645;&#x631;&#x62A;&#x651;&#x628;&#x6C1;&#x60C; &#x633;&#x631;&#x62F;&#x627;&#x631; &#x645;&#x633;&#x6CC;&#x649;&#x62D; &#x6AF;&#x644;., Sard&#x101;r Mas&#x12B;&#x1E25; Gil, Saleem Muhammad Afzal  </subfield>
  </datafield>
  <datafield tag="260" ind1=" " ind2=" ">
    <subfield code="a">Lahore :</subfield>
    <subfield code="b">modern publication,</subfield>
    <subfield code="c">1964</subfield>
  </datafield>
  <datafield tag="300" ind1=" " ind2=" ">
    <subfield code="a">365 pages ; </subfield>
    <subfield code="c">18 cm</subfield>
  </datafield>
  <datafield tag="650" ind1=" " ind2=" ">
    <subfield code="a">literature</subfield>
  </datafield>
  <datafield tag="942" ind1=" " ind2=" ">
    <subfield code="2">ddc</subfield>
    <subfield code="c">BK</subfield>
  </datafield>
  <datafield tag="999" ind1=" " ind2=" ">
    <subfield code="c">85797</subfield>
    <subfield code="d">85797</subfield>
  </datafield>
  <datafield tag="952" ind1=" " ind2=" ">
    <subfield code="0">0</subfield>
    <subfield code="1">0</subfield>
    <subfield code="2">ddc</subfield>
    <subfield code="4">0</subfield>
    <subfield code="7">1</subfield>
    <subfield code="8">NFIC</subfield>
    <subfield code="a">RUCL</subfield>
    <subfield code="b">RUCL</subfield>
    <subfield code="c">Reading</subfield>
    <subfield code="d">2025-10-07</subfield>
    <subfield code="l">0</subfield>
    <subfield code="o">U 891.43909 GIU 1964</subfield>
    <subfield code="r">2025-10-07 00:00:00</subfield>
    <subfield code="t">C-1</subfield>
    <subfield code="w">2025-10-07</subfield>
    <subfield code="y">BK</subfield>
  </datafield>
</record>
